[Event "Vojvodina-ch 7th"]
[Site "Novi Sad"]
[Date "2016.07.17"]
[Round "4"]
[White "Marholev, Dimitar"]
[Black "Aleksic, Aleksandar"]
[Result "1/2-1/2"]
[WhiteElo "2244"]
[BlackElo "2053"]
[PlyCount "48"]
[EventDate "2016.07.15"]
[EventType "swiss"]
[EventRounds "9"]
[EventCountry "YUG"]
[SourceTitle "CBM 173 Extra"]
[Source "ChessBase"]
[SourceDate "2016.08.29"]
[SourceVersion "1"]
[SourceVersionDate "2016.08.29"]
[SourceQuality "1"]

1. e4 e6 2. d4 d5 3. Nd2 Nf6 4. e5 Nfd7 5. Bd3 c5 6. c3 Nc6 7. Ne2 cxd4 8. cxd4 Qb6 9. Nf3 Bb4+ 10. Kf1 f6 11. exf6 Nxf6 12. a3 Bd6 13. b4 a6 14. h3 0-0 15. Be3 Qd8 16. Qb1 e5 17. dxe5 Nxe5 18. Nxe5 Bxe5 19. Ra2 Ne4 20. Bxe4 dxe4 21. Rd2 Qc7 22. Qxe4 Bf5 23. Qd5+ Kh8 24. Qc5 b5 1/2-1/2

[Event "Gligoric Cup 2nd"]
[Site "Kragujevac"]
[Date "2014.12.07"]
[Round "2.5"]
[White "Aleksic, Aleksandar"]
[Black "Markovic, Slavoljub"]
[Result "1/2-1/2"]
[WhiteElo "2013"]
[BlackElo "2257"]
[PlyCount "101"]
[EventDate "2014.12.06"]
[EventType "team-tourn"]
[EventRounds "9"]
[EventCountry "SRB"]
[SourceTitle "CBM 164 Extra"]
[Source "ChessBase"]
[SourceDate "2015.03.02"]
[SourceVersion "1"]
[SourceVersionDate "2015.03.02"]
[SourceQuality "1"]
[WhiteTeam "Novi Sad Pravi potez"]
[BlackTeam "Cumic Prota"]
[WhiteTeamCountry "SRB"]
[BlackTeamCountry "SRB"]

1. d4 b6 2. e3 Bb7 3. Nf3 e6 4. Bd3 Nf6 5. 0-0 Be7 6. Nbd2 c5 7. c3 Nc6 8. Ne4 Qc7 9. Nxf6+ Bxf6 10. Qe2 0-0 11. b3 Rfe8 12. Qc2 g6 13. Bb2 Rac8 14. Rac1 d5 15. Bb5 Re7 16. Ba3 a6 17. Bxc6 Qxc6 18. Ne1 Rec7 19. Qd2 a5 20. f4 Ba6 21. Rf2 Bh4 22. g3 Be7 23. Bb2 a4 24. Nf3 axb3 25. axb3 Qb5 26. Qd1 cxd4 27. exd4 Qd3 28. Qxd3 Bxd3 29. Ra1 b5 30. b4 f6 31. Ra5 Bd8 32. Ra3 Rb7 33. Ba1 Bb6 34. Rfa2 Rbb8 35. Bb2 Be4 36. Nd2 Bf5 37. Nb3 e5 38. Nc5 exf4 39. gxf4 Re8 40. Kf2 g5 41. Bc1 Bc7 42. Na6 Rb7 43. Nxc7 Rxc7 44. fxg5 fxg5 45. Bxg5 Rf8 46. Bh6 Rf6 47. Bg5 Rg6 48. Bf4 Rf7 49. Ra8+ Kg7 50. R2a7 Bd7 51. Ke3 1/2-1/2